000 00747nam a22002055i 4500
001 162389
003 ES-MaACL
005 20260201063017.0
008 940301s1886 sp |||| | spa d
040 _aAS
_bspa
100 1 _aPolitzer, Adam,
_d1835-1920
_9131243
245 1 0 _aTratado de las enfermedades del oído /
_cpor Adam Politzer ; versión española de Turró, Francos, Lasbennes.
260 _aMadrid :
_b[s.n.],
_c1886 (
_fEst. tip. de Enrique Teodoro)
300 _a2 v. (VII, 408 ; 473 p.) :
_bil. ;
_c24 cm.
650 4 _aOído-
_xEnfermedades.
_9136645
700 1 _aTurró, Ramón,
_d1854-1926
_9111758
700 0 _aLasbennes, Luis.
_970420
852 _aES-MaACL
_jF-12292-93
_z-- Enc. hol.
999 _c162389
_d162389